000 01106cam a2200301Ma 4500
999 _c6139
_d6139
001 on1086234407
003 TZ-ArACH
005 20201217122324.0
008 140708s2018 enk 000 0 eng d
020 _a9780414066779
020 _a0414066774
035 _a(OCoLC)1086234407
040 _aUKNRU
_beng
_cTZ-ArACH
_dOCLCO
049 _aTZAA
050 _aKD7111
_b.C58 2018 (2nd suppl.)
245 0 0 _aCivil procedure, autumn 2018 (Second cumulative supplement to the 2018 edition)
_nAutumn 2018,
_pSecond cumulative supplement to the 2018 edition /
_cgeneral editors: I.R.Scott and B. Fontaine.
260 _aLondon :
_bSweet & Maxwell / Thomson Reuters,
_c2018.
300 _axxxviii, 675 p.
500 _aUp-to-date generally to 1 October 2018.
500 _aOn cover: The White book service.
500 _aOn cover: Autumn 2018.
650 _aCivil procedure
_zEngland
650 _aCivil procedure
_zWales
700 1 _aBrooke, Henry,
_d1936-
_tCivil procedure.
740 0 _aSecond cumulative supplement to the 2018 edition.
740 0 _aThe White book service.
942 _2lcc
_cBOOK